Central Library OPAC University of Rajshahi

Design for health : (Record no. 50767)

MARC details
000 -LEADER
fixed length control field 01109cam a2200325 4500
001 - CONTROL NUMBER
control field 50767
003 - CONTROL NUMBER IDENTIFIER
rucl marc code BD-RjUL
005 - DATE AND TIME OF LATEST TRANSACTION
control field 20211209075549.0
008 - FIXED-LENGTH DATA ELEMENTS--GENERAL INFORMATION
fixed length control field 160828s1963 paua b 000 0 eng d
035 ## - SYSTEM CONTROL NUMBER
System control number (OCoLC)1533324
System control number (OCoLC)ocm01533324
System control number (CStRLIN)NYCM90-B4293
System control number (BD-RjUL)50887
System control number (NNC)3953543
040 ## - CATALOGING SOURCE
Original cataloging agency MNU-B
Transcribing agency MNU-B
Modifying agency NNC-M
Language of cataloging eng
041 ## - LANGUAGE CODE
Language code of text/sound track or separate title eng
082 ## - DEWEY DECIMAL CLASSIFICATION NUMBER
Edition number 23
Classification number 614
Author mark and year HAD 1963
100 1# - MAIN ENTRY--PERSONAL NAME
Personal name Hanlon, John J.
Fuller form of name (John Joseph),
Dates associated with a name 1912-1988.
9 (RLIN) 151978
245 10 - TITLE STATEMENT
Title Design for health :
Remainder of title the teacher, the school, and the communitY /
Statement of responsibility, etc. [by] John J. Hanlon [and] Elizabeth McHose.
260 ## - PUBLICATION, DISTRIBUTION, ETC. (IMPRINT)
Place of publication, distribution, etc. Philadelphia :
Name of publisher, distributor, etc. Lea & Febiger,
Date of publication, distribution, etc. 1963.
300 ## - PHYSICAL DESCRIPTION
Pagination 390 p. :
Illustrations ill. ;
Size 24 cm.
490 1# - SERIES STATEMENT
Series statement Health education, physical education, and recreation series
504 ## - BIBLIOGRAPHY, ETC. NOTE
Bibliography, etc Includes bibliographies.
650 #2 - SUBJECT ADDED ENTRY--TOPICAL TERM
Topical term or geographic name as entry element Public Health.
9 (RLIN) 151979
Topical term or geographic name as entry element School hygiene.
9 (RLIN) 150613
Topical term or geographic name as entry element Hygiene.
9 (RLIN) 151980
700 1# - ADDED ENTRY--PERSONAL NAME
Personal name McHose, Elizabeth.
830 #0 - SERIES ADDED ENTRY--UNIFORM TITLE
Uniform title Health education, physical education, and recreation series.
942 ## - ADDED ENTRY ELEMENTS (KOHA)
Source of classification or shelving scheme Dewey Decimal Classification
Koha item type Books
Holdings
Lost status Source of classification or shelving scheme Damaged status Not for loan Collection code Permanent Location Current Location Shelving location Date acquired Total Checkouts Full call number Date last seen Copy number Koha item type
  Dewey Decimal Classification     Non-fiction Central Library, University of Rajshahi Central Library, University of Rajshahi   09/02/1991   614 HAD 1963 28/08/2016 C-2 Books